[Event "Morbihan 2010"]
[Site "?"]
[Date "2010.03.06"]
[Round "5.5"]
[White "Le Coz, Yannick"]
[Black "Jolivel, Dominique"]
[Result "0-1"]
[WhiteElo "1707"]
[BlackElo "1902"]
[PlyCount "52"]
[EventDate "2010.??.??"]

1. e4 c5 2. Nf3 d6 3. d4 cxd4 4. Nxd4 Nf6 5. Nc3 g6 6. Be2 Bg7 7. Bg5 O-O 8.
Qd2 Nc6 9. Nxc6 bxc6 10. h4 Qa5 11. h5 Be6 12. hxg6 fxg6 13. Bh6 Rf7 14. Bxg7
Rxg7 15. Bd3 Rb8 16. b3 d5 17. Nb1 Qc7 18. f3 dxe4 19. fxe4 Rd8 20. Qe3 Qe5 21.
c3 Qd6 22. Bc2 Ng4 23. Qe2 Qg3+ 24. Kf1 Rf7+ 25. Kg1 Rf2 26. Qf1 Rxf1+ 0-1

[Event "Morbihan 2010"]
[Site "?"]
[Date "2010.03.06"]
[Round "5.6"]
[White "Pouliquen, Alain"]
[Black "Pinel, Jérémy"]
[Result "0-1"]
[WhiteElo "1715"]
[BlackElo "1888"]
[PlyCount "58"]
[EventDate "2010.??.??"]

1. d4 Nf6 2. c4 e6 3. Nf3 d5 4. Bg5 Be7 5. e3 Nbd7 6. Nc3 O-O 7. Rc1 b6 8. cxd5
exd5 9. Bd3 Bb7 10. Qe2 a6 11. O-O Ne4 12. Bxe7 Qxe7 13. Rc2 f5 14. Rfc1 c5 15.
dxc5 bxc5 16. Qf1 Rf6 17. Qd1 Kh8 18. Bf1 Rd6 19. Qe1 Rf8 20. Na4 Rg6 21. Qa5
f4 22. exf4 Rxf4 23. Kh1 Rxf3 24. gxf3 Qg5 25. Qd8+ Qxd8 26. fxe4 Qg5 27. Bh3
dxe4 28. Rf1 e3+ 29. f3 Bxf3+ 0-1

[Event "Morbihan 2010"]
[Site "?"]
[Date "2010.03.06"]
[Round "5.7"]
[White "Deslias, Grégoire"]
[Black "Mikaty, Gwenegan"]
[Result "1-0"]
[WhiteElo "1931"]
[BlackElo "1780"]
[PlyCount "81"]
[EventDate "2010.??.??"]

1. d4 e6 2. c4 Nf6 3. Nc3 c6 4. Nf3 Bb4 5. Qc2 d5 6. cxd5 exd5 7. Bg5 h6 8. Bh4
Bg4 9. Ne5 Be6 10. e3 Nbd7 11. Nd3 Bf5 12. Qb3 Bxc3+ 13. bxc3 Qa5 14. Rc1 b5
15. Nb4 Rc8 16. Be2 O-O 17. O-O Ne4 18. Rfd1 Nb6 19. f3 Ng5 20. Bxg5 hxg5 21.
Qb2 Rfe8 22. Qd2 Re6 23. e4 dxe4 24. Qxg5 exf3 25. Bxf3 Bh3 26. Bh5 f6 27. Qg6
Rce8 28. gxh3 Nc4 29. Nxc6 Qxa2 30. Rc2 Qb3 31. Rg2 Re1+ 32. Rxe1 Rxe1+ 33. Kf2
Qb2+ 34. Kxe1 Qc1+ 35. Bd1 Qxc3+ 36. Kf2 Qd2+ 37. Kg3 Qe1+ 38. Kf4 Qe3+ 39. Kg4
Qe6+ 40. Kh4 Qe1+ 41. Rg3 1-0

[Event "Morbihan 2010"]
[Site "?"]
[Date "2010.03.06"]
[Round "5.9"]
[White "Trélohan, Henri"]
[Black "Le Garrec, Maxime"]
[Result "1-0"]
[WhiteElo "1695"]
[BlackElo "1669"]
[PlyCount "135"]
[EventDate "2010.??.??"]

1. c4 c5 2. Nc3 Nc6 3. g3 g6 4. Bg2 Bg7 5. e3 Nf6 6. Nge2 e5 7. O-O O-O 8. d4
d6 9. d5 Ne7 10. Bd2 Nf5 11. Qc1 Bh6 12. a3 Re8 13. Ne4 Nxe4 14. Bxe4 Ng7 15.
Bg2 f5 16. Re1 Nh5 17. b4 b6 18. bxc5 bxc5 19. Rb1 Re7 20. Qc2 Rb7 21. Rxb7
Bxb7 22. Rb1 Rb8 23. Qb3 Nf6 24. Nc3 Nd7 25. Qc2 Nb6 26. Na4 Nd7 27. Rb2 Ba6
28. Rxb8 Qxb8 29. Bf1 Bg7 30. Qb2 Qxb2 31. Nxb2 Nb6 32. Ba5 e4 33. Bxb6 Bxb2
34. Bxa7 Kf7 35. Bb8 Ke7 36. a4 Kd7 37. Be2 Be5 38. Ba7 Kc7 39. a5 Bc8 40. Kg2
Bf6 41. Bb6+ Kd7 42. Bd1 Bd8 43. Ba4+ Ke7 44. Bxd8+ Kxd8 45. Bb5 Kc7 46. f3 Kb7
47. fxe4 fxe4 48. h3 Ka7 49. g4 g5 50. Kf2 Kb7 51. Ke2 Ka7 52. Kd2 Kb7 53. Be8
Ka6 54. Bf7 Kxa5 55. Be6 Ba6 56. Kc3 Kb6 57. Bf5 Kc7 58. Bxh7 Bc8 59. Bxe4 Kd8
60. Bf5 Bxf5 61. gxf5 Ke7 62. e4 Kf6 63. Kd3 Ke5 64. Ke3 Kf6 65. Kf3 Ke5 66.
Kg4 Kf6 67. h4 gxh4 68. Kxh4 1-0

[Event "Morbihan 2010"]
[Site "?"]
[Date "2010.03.06"]
[Round "5.10"]
[White "Rivalin, Patrick"]
[Black "Siclet, Mathieu"]
[Result "0-1"]
[WhiteElo "1578"]
[BlackElo "1842"]
[PlyCount "73"]
[EventDate "2010.??.??"]

1. d4 Nf6 2. c4 e6 3. Nc3 Bb4 4. a3 Bxc3+ 5. bxc3 O-O 6. Nf3 Ne4 7. e3 f5 8.
Bd3 b6 9. Qc2 Bb7 10. O-O d6 11. Nd2 Qh4 12. f4 Nxd2 13. Bxd2 Nd7 14. Be1 Qg4
15. Bg3 Rae8 16. Be2 Qg6 17. Bf3 Bxf3 18. Rxf3 Nf6 19. Qa4 Qf7 20. Qxa7 Ra8 21.
Qb7 Ne4 22. Qc6 Ra5 23. Be1 Rfa8 24. a4 Kf8 25. g4 fxg4 26. Rf1 Nf6 27. c5 bxc5
28. dxc5 R8a6 29. Qb7 Ra7 30. Qc8+ Qe8 31. Qxe8+ Kxe8 32. cxd6 cxd6 33. Bh4 Nd5
34. c4 Nxe3 35. Bf2 Nxf1 36. Bxa7 Nd2 37. Bd4 0-1

[Event "Morbihan 2010"]
[Site "?"]
[Date "2010.03.06"]
[Round "5.11"]
[White "Tonal, Jean-Jacques"]
[Black "Cozic, Daniel"]
[Result "0-1"]
[WhiteElo "1569"]
[BlackElo "1790"]
[PlyCount "64"]
[EventDate "2010.??.??"]

1. d4 d5 2. Nf3 Nf6 3. e3 Bg4 4. Nbd2 Nbd7 5. Be2 e6 6. O-O c5 7. c4 Bd6 8. b3
O-O 9. Bb2 Qc7 10. h3 Bf5 11. Rc1 Rac8 12. Ne1 Qa5 13. a3 Bb8 14. f4 cxd4 15.
exd4 Ne4 16. Nxe4 Bxe4 17. Bf3 Bxf4 18. Rc3 Bxf3 19. Nxf3 Bb8 20. Qd3 Nf6 21.
Qd1 Ne4 22. Re3 Qc7 23. Qe1 f5 24. Ne5 Rcd8 25. Qh4 Qb6 26. Qe7 Bxe5 27. Rxe4
dxe4 28. Kh1 Rfe8 29. Qg5 Bxd4 30. Bxd4 Qxd4 31. Rf4 Qe5 32. Rf1 Rd3 0-1

[Event "Morbihan 2010"]
[Site "?"]
[Date "2010.03.06"]
[Round "5.12"]
[White "Aubrun, Lucas"]
[Black "Roussel, Bernard"]
[Result "1/2-1/2"]
[WhiteElo "1740"]
[BlackElo "1580"]
[PlyCount "69"]
[EventDate "2010.??.??"]

1. d4 Nf6 2. c4 d5 3. Nc3 c6 4. Bf4 e6 5. e3 Bb4 6. Rc1 Ne4 7. Qb3 Bxc3+ 8.
bxc3 Nd7 9. Ne2 Nb6 10. c5 Nc4 11. Rc2 Qa5 12. Ng3 Na3 13. Nxe4 Nxc2+ 14. Qxc2
dxe4 15. Bc4 f5 16. Qb3 Kf7 17. O-O b5 18. Be2 g6 19. c4 b4 20. d5 cxd5 21.
cxd5 Qxc5 22. Bc4 Re8 23. Rd1 Bd7 24. h3 a5 25. dxe6+ Bxe6 26. Bxe6+ Rxe6 27.
Rd7+ Kf6 28. Bg5+ Kxg5 29. Qxe6 Ra7 30. Rd5 Qe7 31. Qb6 a4 32. Rd4 Rb7 33. Qa5
a3 34. Qd5 Kh6 35. Qb3 1/2-1/2

[Event "Morbihan 2010"]
[Site "?"]
[Date "2010.03.03"]
[Round "5.14"]
[White "Maréchal, Daniel"]
[Black "Sellin, Alain"]
[Result "0-1"]
[WhiteElo "1560"]
[BlackElo "1640"]
[PlyCount "104"]
[EventDate "2010.??.??"]

1. d4 d5 2. Nc3 Nf6 3. e4 dxe4 4. f3 exf3 5. Nxf3 Bg4 6. Be3 e6 7. Bd3 Bb4 8.
O-O Bxc3 9. bxc3 Nd5 10. Bd2 Nd7 11. h3 Bh5 12. g4 Bg6 13. c4 Bxd3 14. cxd3 Ne7
15. Qe2 Ng6 16. Ng5 O-O 17. Bb4 Qxg5 18. Bxf8 Rxf8 19. Qh2 Rc8 20. Rae1 Nf6 21.
Qg3 h5 22. Qe3 Qxe3+ 23. Rxe3 hxg4 24. hxg4 Nxg4 25. Rg3 Nf6 26. Rg5 Rd8 27.
Rb1 b6 28. c5 Rxd4 29. cxb6 cxb6 30. Rb3 Nf4 31. Kh2 Rxd3 32. Rxd3 Nxd3 33. Rg2
Nd5 34. Rc2 Nc5 35. Kg3 f5 36. Kh4 Kf7 37. Kg5 g6 38. Rh2 Ne4+ 39. Kh6 Ndf6 40.
Rc2 Ng4+ 41. Kh7 Ng5+ 42. Kh8 Kf6 43. Rc7 Nf7+ 44. Kg8 Ngh6+ 45. Kf8 g5 46.
Rxa7 g4 47. Rb7 Ne5 48. Rh7 Nef7 49. a3 g3 50. Rg7 f4 51. a4 e5 52. Rh7 e4 0-1

[Event "Morbihan 2010"]
[Site "?"]
[Date "2010.03.06"]
[Round "5.15"]
[White "Le Fort, Joël"]
[Black "Bonhomme, Christian"]
[Result "0-1"]
[WhiteElo "1499"]
[BlackElo "1607"]
[PlyCount "160"]
[EventDate "2010.??.??"]

1. e4 c5 2. Nf3 e6 3. Nc3 a6 4. d4 cxd4 5. Nxd4 Qc7 6. g3 Nf6 7. Bg2 Be7 8. O-O
O-O 9. Re1 d6 10. Qe2 Nbd7 11. a3 Rd8 12. Nf3 Nb6 13. Bf1 e5 14. Bg5 Be6 15.
Bxf6 gxf6 16. Rad1 Rac8 17. Rb1 Rd7 18. Bg2 Rdd8 19. Qf1 Bc4 20. Ne2 Be6 21.
Rbc1 Bf8 22. Bh3 Qd7 23. Bg2 Bh6 24. Rb1 Rxc2 25. h4 Na4 26. Kh2 Rxb2 27. Rxb2
Nxb2 28. Bh3 Bxh3 29. Qxh3 Qxh3+ 30. Kxh3 Nd3 31. Rf1 Rc8 32. Kg2 Kf8 33. Rd1
Rc2 34. Rxd3 Rxe2 35. Rxd6 Ke8 36. Rxf6 Bg7 37. Rb6 Rxe4 38. Rxb7 h6 39. Rb3
Ra4 40. Nd2 Bf8 41. Nb1 f6 42. Kf1 Kf7 43. Ke2 h5 44. Kd3 Ke6 45. Rb6+ Kf5 46.
Rb3 Bc5 47. Ke2 Rc4 48. Rf3+ Ke6 49. Rb3 Rc2+ 50. Kd3 Rxf2 51. Kc4 Rc2+ 52. Kd3
Rf2 53. Kc4 Rc2+ 54. Kd3 Rc1 55. Rc3 Rxb1 56. Rxc5 Rb3+ 57. Kc4 Rxa3 58. Rc6+
Kf5 59. Kb4 Rxg3 60. Rxa6 Rg4+ 61. Kc5 Rxh4 62. Ra1 Rf4 63. Rh1 h4 64. Kd6 e4
65. Kd5 Kg5 66. Rg1+ Rg4 67. Rf1 h3 68. Ke6 Rf4 69. Rg1+ Kh4 70. Kd5 h2 71. Rh1
e3 72. Rxh2+ Kg3 73. Rc2 Ra4 74. Ke6 Kf3 75. Rc5 e2 76. Re5 Rf4 77. Rb5 e1=Q+
78. Kf7 Qd1 79. Ra5 Qd7+ 80. Kg6 Rg4+ 0-1

[Event "Morbihan 2010"]
[Site "?"]
[Date "2010.03.06"]
[Round "5.16"]
[White "Fétiveau, Arthur"]
[Black "Thébaut, Hervé"]
[Result "1-0"]
[WhiteElo "1580"]
[BlackElo "1420"]
[PlyCount "89"]
[EventDate "2010.??.??"]

1. e4 e5 2. Nf3 Nc6 3. Bb5 a6 4. Bxc6 dxc6 5. O-O Nf6 6. Nxe5 Bc5 7. Nf3 O-O 8.
d3 Re8 9. Nc3 Bg4 10. h3 Bh5 11. Bg5 h6 12. Bh4 Bd4 13. Re1 g5 14. Bg3 g4 15.
hxg4 Bxg4 16. Bh4 Qd6 17. Qd2 Kg7 18. Nxd4 Qxd4 19. Qf4 Qe5 20. Bxf6+ Qxf6 21.
Qxg4+ Qg5 22. Qxg5+ hxg5 23. Rad1 Rh8 24. f3 Rh6 25. Kf2 Rah8 26. d4 f6 27. d5
c5 28. Na4 c4 29. Nc5 Rb8 30. Ne6+ Kf7 31. Nxc7 Ke7 32. Rd4 Kd6 33. Rxc4 Rc8
34. Nb5+ Kd7 35. Rxc8 Kxc8 36. Nd6+ Kc7 37. Nf5 Rh7 38. Re3 Rh1 39. Re1 Rh7 40.
Kg1 b5 41. Re3 Rh8 42. Rc3+ Kd7 43. Rc6 Rc8 44. Rxc8 Kxc8 45. Ne7+ 1-0

[Event "Morbihan 2010"]
[Site "?"]
[Date "2010.03.06"]
[Round "5.17"]
[White "Girod, Bernard"]
[Black "Boubli, Jordan"]
[Result "1-0"]
[WhiteElo "1590"]
[BlackElo "1420"]
[PlyCount "65"]
[EventDate "2010.??.??"]

1. e4 e6 2. d4 d5 3. exd5 exd5 4. Nf3 Nf6 5. Be2 Nc6 6. c3 Be7 7. O-O Bf5 8.
Bf4 O-O 9. Nbd2 Bd6 10. Bxd6 Qxd6 11. Bb5 Ne7 12. Ba4 Ng6 13. Bc2 Bg4 14. h3
Bxf3 15. Nxf3 c6 16. Re1 Rae8 17. Qd2 h6 18. Rxe8 Rxe8 19. Re1 Ne4 20. Bxe4
Rxe4 21. Rxe4 dxe4 22. Ne1 c5 23. d5 f5 24. c4 Ne5 25. b3 b6 26. Qf4 g6 27.
Qxh6 Nd3 28. Nxd3 exd3 29. Qe3 d2 30. Qxd2 Qe5 31. g3 Kf7 32. Kg2 Ke7 33. Qe3
1-0

[Event "Morbihan 2010"]
[Site "?"]
[Date "2010.03.06"]
[Round "5.19"]
[White "Maroufi, Amirvala"]
[Black "Potier, Pierre"]
[Result "0-1"]
[WhiteElo "1450"]
[BlackElo "1630"]
[PlyCount "74"]
[EventDate "2010.??.??"]

1. e4 e5 2. Nf3 Nc6 3. Nc3 Bb4 4. Bb5 d6 5. O-O Bd7 6. Bxc6 Bxc6 7. Re1 Bxc3 8.
dxc3 h6 9. c4 Nf6 10. Qd3 Qe7 11. h3 Rd8 12. b4 b6 13. b5 Bb7 14. Ba3 O-O 15.
Bc1 Nd7 16. g3 Nc5 17. Qa3 Bxe4 18. Nh4 Qe6 19. Kh2 Qxc4 20. Rxe4 Nxe4 21. Nf5
Qe2 22. Qe3 Qxc2 23. Ba3 Nxf2 24. Kg1 Nxh3+ 25. Kf1 Qxf5+ 26. Kg2 Ng5 27. Rf1
Qh3+ 28. Kg1 f5 29. Rf2 f4 30. Qd3 f3 31. Qf1 Qxg3+ 32. Kh1 Ne4 33. Rc2 Qh4+
34. Kg1 f2+ 35. Rxf2 Nxf2 36. Qxf2 Rxf2 37. Bc1 Qh2# 0-1

[Event "Morbihan 2010"]
[Site "?"]
[Date "2010.03.06"]
[Round "5.20"]
[White "Le Borgne, Christian"]
[Black "Berthelot, Eric"]
[Result "1-0"]
[WhiteElo "1270"]
[BlackElo "1530"]
[PlyCount "101"]
[EventDate "2010.??.??"]

1. e4 e5 2. Bc4 Nf6 3. d3 Bc5 4. Bg5 Nc6 5. Nf3 h6 6. Bxf6 Qxf6 7. a3 Nd4 8.
Nbd2 a6 9. c3 Nxf3+ 10. Qxf3 Qxf3 11. Nxf3 d6 12. h3 b5 13. Bd5 Rb8 14. d4 exd4
15. cxd4 Bb6 16. O-O O-O 17. b4 Be6 18. Rad1 Bxd5 19. exd5 Rfe8 20. Rfe1 a5 21.
Rxe8+ Rxe8 22. Rb1 a4 23. g4 Re4 24. Rd1 Kf8 25. Kg2 Re2 26. Rd3 Re4 27. Kg3
Ke7 28. Re3 Rxe3 29. fxe3 Kd7 30. h4 f6 31. h5 c6 32. Nh4 cxd5 33. Nf5 Bc7 34.
Nxg7 Bd8 35. Nf5 Be7 36. Nxh6 Bf8 37. Nf5 Ke6 38. h6 Kf7 39. h7 Bg7 40. Nxd6+
Kg6 41. Nxb5 Kxh7 42. Nc7 Bf8 43. Nxd5 Kg6 44. Nb6 Bd6+ 45. Kf3 Kf7 46. Nxa4
Ke6 47. Nc5+ Kd5 48. a4 Kc6 49. b5+ Kb6 50. Ke4 Be7 51. Kd5 1-0

[Event "Morbihan 2010"]
[Site "?"]
[Date "2010.03.06"]
[Round "5.21"]
[White "Audren, Jean"]
[Black "Cozic, Matthias"]
[Result "1-0"]
[WhiteElo "1450"]
[BlackElo "1260"]
[PlyCount "62"]
[EventDate "2010.??.??"]

1. d4 d5 2. c4 Nf6 3. cxd5 Nxd5 4. e4 Nf6 5. Nc3 Nc6 6. Nf3 Bg4 7. Be2 Bxf3 8.
Bxf3 Nxd4 9. Be3 Nxf3+ 10. Qxf3 e5 11. O-O Bb4 12. Rad1 Qe7 13. Nd5 Nxd5 14.
Rxd5 O-O 15. Qg3 h6 16. Bxh6 Qf6 17. Bg5 Qg6 18. Qe3 f6 19. Bh4 b6 20. Qb3 Bd6
21. Rxd6+ Kh8 22. Rd7 Qxe4 23. Qh3 Kg8 24. Qe6+ Kh8 25. Bg3 Qg6 26. h3 Rfe8 27.
Qc6 Rac8 28. Rxc7 Rxc7 29. Qxc7 Ra8 30. Qc6 Rf8 31. Bxe5 fxe5 1-0

[Event "Morbihan 2010"]
[Site "?"]
[Date "2010.03.06"]
[Round "5.22"]
[White "Maroufi, Mahzeyar"]
[Black "Cheneau, Lionel"]
[Result "0-1"]
[WhiteElo "1260"]
[BlackElo "1400"]
[PlyCount "102"]
[EventDate "2010.??.??"]

1. e4 e5 2. Nf3 Bd6 3. Bc4 h6 4. O-O Nf6 5. Nc3 c6 6. d3 b5 7. Bb3 Ba6 8. Be3
b4 9. Ne2 c5 10. c4 bxc3 11. Nxc3 Nc6 12. a3 Qb8 13. h3 Na5 14. Ba4 Qxb2 15.
Bd2 Bxd3 16. Ne1 Bxf1 17. Kxf1 Nc4 18. Ra2 Qb8 19. Bb3 Na5 20. Rb2 c4 21. Na4
Nxb3 22. Rc2 Qb5 23. Nc3 Qb7 24. Qe2 Bxa3 25. Qxc4 Rc8 26. Qd3 O-O 27. Ra2 Bb4
28. Nb1 Bxd2 29. Nxd2 Nc1 30. Qa3 Nxa2 31. Qxa2 Qb5+ 32. Kg1 Rc7 33. Kh2 Qe2
34. Nef3 d6 35. Qa5 Rfc8 36. Nb3 Nxe4 37. Qe1 Qxe1 38. Nxe1 Nxf2 39. Kg1 Ne4
40. Kf1 Rb8 41. Nd2 Nxd2+ 42. Ke2 Rb2 43. Kd1 a5 44. Nd3 Ra2 45. Nc1 Rac2 46.
Nd3 e4 47. Ne1 Ra2 48. Ke2 Nc4+ 49. Kd1 e3 50. Nd3 e2+ 51. Kc1 Na3+ 0-1

[Event "Morbihan 2010"]
[Site "?"]
[Date "2010.03.27"]
[Round "6.1"]
[White "Le Corre, Patrick"]
[Black "Stéphan, Victor"]
[Result "0-1"]
[WhiteElo "2014"]
[BlackElo "2244"]
[PlyCount "94"]
[EventDate "2010.??.??"]

1. e4 c5 2. Nf3 d6 3. c3 Nf6 4. Bc4 e6 5. Qe2 Be7 6. O-O O-O 7. Bb3 b6 8. d3
Nc6 9. Na3 Ba6 10. Rd1 Qc7 11. Bf4 Ng4 12. Ng5 Nge5 13. Nc4 Ng6 14. Qh5 h6 15.
Nxe6 fxe6 16. Bxh6 Nh8 17. Qg4 Rf7 18. d4 b5 19. Nxd6 Bxd6 20. Bxe6 Kf8 21.
Bxf7 Qxf7 22. dxc5 Bxc5 23. Rd5 Be7 24. Be3 Bc8 25. Qg3 Be6 26. Rxb5 Rd8 27.
Qc7 Rc8 28. Qg3 Ng6 29. Rb7 Kg8 30. a4 Bh4 31. Rxf7 Bxg3 32. Rb7 Rb8 33. Rxb8+
Bxb8 34. g3 Nge5 35. b4 Nc4 36. Bc5 Nd2 37. b5 Nxe4 38. Ba3 Ne5 39. f4 Nc4 40.
Bb4 Bc7 41. Kf1 Ne3+ 42. Ke2 Nc2 43. Rc1 Bc4+ 44. Kf3 Nd2+ 45. Kg4 Ne3+ 46. Kh3
Be6+ 47. g4 Bxg4+ 0-1

[Event "Morbihan 2010"]
[Site "?"]
[Date "2010.03.27"]
[Round "6.2"]
[White "Lages, Michel"]
[Black "Duplessy, Franck"]
[Result "0-1"]
[WhiteElo "1927"]
[BlackElo "2061"]
[PlyCount "56"]
[EventDate "2010.??.??"]

1. c4 Nf6 2. Nc3 e6 3. e4 d6 4. Nf3 c5 5. d4 cxd4 6. Nxd4 Be7 7. Be2 O-O 8. O-O
a6 9. Be3 Nbd7 10. b4 Qc7 11. a4 b6 12. b5 Bb7 13. bxa6 Bxa6 14. Ndb5 Qc6 15.
Nd4 Qc7 16. Ncb5 Qb7 17. Bf3 Ne5 18. Qe2 Rac8 19. Rac1 Nxe4 20. Bxe4 Qxe4 21.
f3 Qb7 22. f4 Nc6 23. Qg4 f5 24. Qg3 Rf6 25. Qf3 Na5 26. Qe2 Rg6 27. g3 Qe4 28.
Rfe1 Bb7 0-1

[Event "Morbihan 2010"]
[Site "?"]
[Date "2010.03.27"]
[Round "6.3"]
[White "Jolivel, Dominique"]
[Black "Gallois, Jérôme"]
[Result "1/2-1/2"]
[WhiteElo "1890"]
[BlackElo "2020"]
[PlyCount "54"]
[EventDate "2010.??.??"]

1. d4 Nf6 2. Nf3 e6 3. Bf4 c5 4. e3 Qb6 5. Qc1 Nc6 6. c3 d5 7. Nbd2 Bd7 8. Bd3
Rc8 9. Qb1 h6 10. h3 Be7 11. g4 Nb8 12. Ne5 Bb5 13. Bg6 O-O 14. Bc2 Nbd7 15. g5
Nh5 16. gxh6 Nxf4 17. exf4 f5 18. Rg1 Bf6 19. a4 cxd4 20. axb5 Bxe5 21. fxe5
Nxe5 22. Rxg7+ Kh8 23. Qa2 dxc3 24. bxc3 Rg8 25. Qxa7 Qxa7 26. Rxa7 Rxg7 27.
hxg7+ Kxg7 1/2-1/2

[Event "Morbihan 2010"]
[Site "?"]
[Date "2010.03.27"]
[Round "6.4"]
[White "Pinel, Jérémy"]
[Black "Annetti, Laurent"]
[Result "1-0"]
[WhiteElo "1877"]
[BlackElo "1853"]
[PlyCount "55"]
[EventDate "2010.??.??"]

1. e4 e5 2. Nf3 Nc6 3. Bb5 f5 4. d4 fxe4 5. Nxe5 Nxe5 6. dxe5 c6 7. Nc3 cxb5 8.
Nxe4 d5 9. exd6 Nf6 10. O-O Nxe4 11. Qh5+ g6 12. Qe5+ Kf7 13. Qxh8 Nf6 14. Bh6
Bf5 15. Qxf8+ Qxf8 16. Bxf8 Kxf8 17. c3 Rd8 18. a4 Bd3 19. Rfe1 Rxd6 20. axb5
Bxb5 21. Rxa7 Ba6 22. Ra8+ Kf7 23. Rc8 Rd7 24. h3 h5 25. b4 b6 26. Rc6 Nd5 27.
c4 Rc7 28. cxd5 1-0

[Event "Morbihan 2010"]
[Site "?"]
[Date "2010.03.27"]
[Round "6.5"]
[White "Deslias, Grégoire"]
[Black "Trélohan, Henri"]
[Result "1-0"]
[WhiteElo "1931"]
[BlackElo "1695"]
[PlyCount "113"]
[EventDate "2010.??.??"]

1. d4 d5 2. c4 e6 3. Nc3 Nf6 4. cxd5 exd5 5. Bg5 Nbd7 6. e3 c6 7. Bd3 Qa5 8.
Nge2 Bd6 9. Qc2 O-O 10. O-O Re8 11. a3 Qc7 12. Bf4 Nf8 13. Rfc1 Bg4 14. Nb5
cxb5 15. Qxc7 Bxc7 16. Bxc7 Bxe2 17. Bxe2 Ne6 18. Bxb5 Rec8 19. Be5 Ng4 20. Bg3
Nf6 21. Kf1 a6 22. Ba4 Nf8 23. Bb3 N8d7 24. Ke2 Nb6 25. Kd3 Rc6 26. Rxc6 bxc6
27. Bc7 Nbd7 28. Rc1 Rc8 29. Bd6 Ne4 30. Bg3 Nb6 31. f3 Nxg3 32. hxg3 g6 33.
Rc5 Nd7 34. Ra5 Rb8 35. Kc3 Rb6 36. Ra4 Kg7 37. Rb4 a5 38. Rxb6 Nxb6 39. e4 Kf6
40. Bc2 Ke6 41. b4 a4 42. Bd3 Kd6 43. e5+ Kc7 44. b5 Nd7 45. Kb4 c5+ 46. dxc5
Nxe5 47. Kc3 Nd7 48. Kd4 Nf6 49. Bc2 Nh5 50. Bxa4 Nxg3 51. Kxd5 Nf5 52. b6+ Kb8
53. c6 Ne7+ 54. Kd6 Nc8+ 55. Kc5 Ne7 56. c7+ Kb7 57. Bd7 1-0

[Event "Morbihan 2010"]
[Site "?"]
[Date "2010.03.27"]
[Round "6.6"]
[White "Sellin, Alain"]
[Black "Purenne, Benoît"]
[Result "0-1"]
[WhiteElo "1640"]
[BlackElo "1886"]
[PlyCount "86"]
[EventDate "2010.??.??"]

1. e4 c5 2. c3 Nf6 3. e5 Nd5 4. d4 cxd4 5. cxd4 Nc6 6. Nf3 e6 7. a3 d6 8. Be2
Qc7 9. O-O Bd7 10. Bb5 Nxe5 11. dxe5 Bxb5 12. exd6 Bxd6 13. Re1 O-O 14. Nbd2
Rfd8 15. Ne4 Bf4 16. Bxf4 Nxf4 17. Qb3 Bc4 18. Qc2 Rac8 19. Red1 Bd5 20. Qxc7
Rxc7 21. Nc3 a6 22. Rd4 Rxc3 23. bxc3 Ne2+ 24. Kf1 Nxd4 25. cxd4 Bxf3 26. gxf3
Rxd4 27. Rc1 Kf8 28. Rc8+ Ke7 29. Rc7+ Rd7 30. Rxd7+ Kxd7 31. Ke2 Kd6 32. Kd3
Kd5 33. Kc3 a5 34. Kd3 b5 35. Kc3 b4+ 36. axb4 axb4+ 37. Kxb4 Ke5 38. Kc5 Kf4
39. Kd6 Kxf3 40. Ke7 Kxf2 41. Kxf7 Kg2 42. Kxe6 Kxh2 43. Kf7 g5 0-1

[Event "Morbihan 2010"]
[Site "?"]
[Date "2010.03.27"]
[Round "6.7"]
[White "Siclet, Mathieu"]
[Black "Pouliquen, Alain"]
[Result "1-0"]
[WhiteElo "1842"]
[BlackElo "1715"]
[PlyCount "35"]
[EventDate "2010.??.??"]

1. d4 d5 2. Nf3 Nf6 3. e3 e6 4. Bd3 c6 5. Ne5 Nbd7 6. f4 Nxe5 7. fxe5 Nd7 8.
O-O Qc7 9. Nd2 c5 10. c3 g6 11. Qf3 Nb6 12. Qf6 Rg8 13. Bb5+ Bd7 14. Qxf7+ Kd8
15. Qxg8 Bxb5 16. Rxf8+ Kd7 17. Qf7+ Kc6 18. Qxe6+ 1-0

[Event "Morbihan 2010"]
[Site "?"]
[Date "2010.03.27"]
[Round "6.8"]
[White "Cozic, Daniel"]
[Black "Le Coz, Yannick"]
[Result "1-0"]
[WhiteElo "1790"]
[BlackElo "1688"]
[PlyCount "85"]
[EventDate "2010.??.??"]

1. e4 e5 2. Nf3 Nc6 3. Bc4 Bc5 4. Nc3 d6 5. b3 Bg4 6. h3 Bxf3 7. Qxf3 Qf6 8.
Qg3 Nge7 9. Bb2 O-O-O 10. Na4 Nb4 11. Bd3 Nxd3+ 12. cxd3 Bd4 13. Bxd4 exd4 14.
O-O h5 15. f4 Ng6 16. Rac1 Rdg8 17. Nb2 Nh4 18. e5 dxe5 19. fxe5 Qe7 20. Qf4 g5
21. Qxd4 Kb8 22. g3 Qe6 23. gxh4 Qxh3 24. Kf2 gxh4 25. Ke2 Rg2+ 26. Rf2 Rhg8
27. Rcf1 Qg3 28. Rxg2 Qxg2+ 29. Rf2 Qg4+ 30. Qxg4 hxg4 31. Rxf7 g3 32. e6 Re8
33. Kf1 Kc8 34. Rf6 Kd8 35. Kg2 Ke7 36. Rh6 Rf8 37. Nd1 Rd8 38. Ne3 Rf8 39.
Nd5+ Ke8 40. Nxc7+ Kd8 41. Nd5 Rf2+ 42. Kg1 Rxd2 43. Rh8# 1-0

[Event "Morbihan 2010"]
[Site "?"]
[Date "2010.03.27"]
[Round "6.9"]
[White "Hocher, Eugène"]
[Black "Bezy, Bernard"]
[Result "1-0"]
[WhiteElo "1790"]
[BlackElo "1680"]
[PlyCount "45"]
[EventDate "2010.??.??"]

1. d4 d5 2. c4 Nf6 3. Nc3 e6 4. Bg5 Be7 5. Nf3 O-O 6. e3 Re8 7. Bd3 Nbd7 8. Qc2
Nf8 9. O-O c6 10. Rac1 Bd7 11. Ne5 h6 12. Bh4 dxc4 13. Bxc4 Nd5 14. Bxe7 Nxe7
15. Ne4 Nd5 16. Qe2 Bc8 17. Qh5 Qe7 18. Bb3 Nf6 19. Nxf6+ Qxf6 20. f4 Nd7 21.
Rf2 Nxe5 22. fxe5 Qg5 23. Qxf7+ 1-0

[Event "Morbihan 2010"]
[Site "?"]
[Date "2010.03.27"]
[Round "6.10"]
[White "Mikaty, Gwenegan"]
[Black "Fétiveau, Arthur"]
[Result "0-1"]
[WhiteElo "1780"]
[BlackElo "1580"]
[PlyCount "74"]
[EventDate "2010.??.??"]

1. e4 e5 2. Nf3 d6 3. Bc4 Be6 4. Qe2 Nf6 5. b3 Nc6 6. Bb2 Be7 7. Nc3 a6 8. Bxe6
fxe6 9. a3 O-O 10. Rd1 Nd4 11. Nxd4 exd4 12. Nb1 e5 13. c3 c5 14. cxd4 cxd4 15.
Rc1 Rc8 16. O-O Qb6 17. b4 a5 18. Rc4 Rxc4 19. Qxc4+ Kh8 20. d3 axb4 21. Qb3
Rd8 22. Rc1 d5 23. exd5 Nxd5 24. Nd2 bxa3 25. Qxb6 Nxb6 26. Ba1 Rc8 27. Rxc8+
Nxc8 28. Nc4 Bd6 29. f4 b5 30. Nxd6 Nxd6 31. fxe5 Nf5 32. h3 b4 33. g4 b3 34.
e6 b2 35. Bxb2 axb2 36. gxf5 b1=Q+ 37. Kf2 Kg8 0-1

[Event "Morbihan 2010"]
[Site "?"]
[Date "2010.03.27"]
[Round "6.11"]
[White "Bonhomme, Christian"]
[Black "Loizil, Joël"]
[Result "0-1"]
[WhiteElo "1607"]
[BlackElo "1757"]
[PlyCount "97"]
[EventDate "2010.??.??"]

1. d4 e6 2. Bf4 Nf6 3. e3 c5 4. c3 Nc6 5. Nf3 d5 6. Nbd2 Bd6 7. Bg3 O-O 8. Bd3
b6 9. O-O Qc7 10. Bxd6 Qxd6 11. e4 dxe4 12. Nxe4 Nxe4 13. Bxe4 Bb7 14. Re1 h6
15. d5 exd5 16. Bxd5 Rad8 17. c4 Na5 18. Bxb7 Nxb7 19. Qc2 Rfe8 20. Red1 Qc7
21. Rxd8 Nxd8 22. h3 Nc6 23. Kf1 Rd8 24. Qe4 Qd6 25. Qe2 Nd4 26. Nxd4 Qxd4 27.
Ke1 Qf6 28. Rd1 Kf8 29. Rxd8+ Qxd8 30. Qd2 Qxd2+ 31. Kxd2 Ke7 32. a4 Ke6 33.
Ke2 Ke5 34. Ke3 g5 35. g3 f6 36. f4+ gxf4+ 37. gxf4+ Kf5 38. Kf3 h5 39. h4 a6
40. b3 a5 41. Ke3 Kg4 42. Ke4 Kxh4 43. Kf5 Kg3 44. Kxf6 Kxf4 45. Ke6 h4 46. Kd6
h3 47. Kc6 h2 48. Kxb6 h1=Q 49. Kxc5 0-1

[Event "Morbihan 2010"]
[Site "?"]
[Date "2010.03.27"]
[Round "6.12"]
[White "Le Garrec, Maxime"]
[Black "Aubrun, Lucas"]
[Result "1/2-1/2"]
[WhiteElo "1687"]
[BlackElo "1740"]
[PlyCount "52"]
[EventDate "2010.??.??"]

1. e4 e5 2. Nf3 d6 3. d4 exd4 4. Nxd4 Nf6 5. Nc3 Be7 6. Bc4 O-O 7. O-O Nc6 8.
Nxc6 bxc6 9. Re1 Bb7 10. Bf4 d5 11. exd5 cxd5 12. Bb3 c5 13. Qf3 Qd7 14. Ba4
Qd8 15. Rad1 a6 16. Bb3 Ra7 17. Bxd5 Nxd5 18. Nxd5 Bxd5 19. Rxd5 Qa5 20. Bd2
Qxa2 21. Bc3 f6 22. Qe4 Rf7 23. Qe6 Qa4 24. Qc8+ Rf8 25. Qe6+ Rf7 26. Qc8+ Rf8
1/2-1/2